LEADER 01266nam a2200289 i 4500 001 000000257023 003 CaOOAMICUS 005 20180125000000.0 008 180125s1999 it u000 u ita u 013 $a235931 020 $a88-308-0663-3 040 $aSeMil$bita 100 1 $aMagnani, Giovanni .$0(OLS)http://semarc/name/89651 245 10$aStoria comparata delle religioni :$bprincipi fenomenologici /$cGiovanni Magnani. 260 $aAssisi :$bCittadella,$c1999. 300 $a653 p. ;$c20 cm. 490 0 $aReligione e scienze umane 650 4$aReligione - Filosofia.$0(OLS)http://semarc/subject/505 650 4$aReligioni - Storia comparata.$0(OLS)http://semarc/subject/3581 650 4$aReligioni - Studio comparato.$0(OLS)http://semarc/subject/542 830 0$aReligione e scienze umane.$0(OLS)http://semarc/title/6303 850 $aSeMil 852 $aSeMil$W1$xVenegono$y1$m2R III 383$j207369$B207369$CSeMilBibl$Z2$F221013 $81 961 $aAcquisto: Cittadella Editrice 996 $6020$a88-308-0663-3$9(OLS)http://semarc/number/281602 996 $6245$aStoria comparata delle religioni :$bprincipi fenomenologici$9(OLS)http://semarc/title/412604 996 $6260$aAssisi :$bCittadella$9(OLS)http://semarc/publisher/29661 LEADER 01355nam a2200265 i 4500 001 000000192767 003 CaOOAMICUS 005 20101015000000.0 008 101015s1965 it u000 u mul u 013 $a171400 040 $aSeMil$bita 245 13$aLe deuxième Symposium international de théologie fondamentale :$bGazzada, 6-11 septembre 1969 /$c[contributions de] H. Bouillard ... [et al.]. 260 $aTorino :$bSocietà Editrice Internazionale,$cstampa 1965. 300 $a101 p. ;$c25 cm. 490 0 $aBiblioteca del Salesianum ;$v71 650 4$aTeologia dogmatica.$0(OLS)http://semarc/subject/68 650 4$aTeologia fondamentale.$0(OLS)http://semarc/subject/235 700 1 $aSymposium international de théologie dogmatique <2. ; 1964 ; Gazzada>.$0(OLS)http://semarc/name/70241 700 1 $aBouillard, Henri,$c.$0(OLS)http://semarc/name/12923 830 0$aBiblioteca del Salesianum ;$v71.$0(OLS)http://semarc/title/21684 850 $aSeMil 852 $aSeMil$W1$xVenegono$y1$m2RA V 30$j143342$B143342$CSeMilBibl$Z2$F155254 $81 961 $aOmaggio: Bellini don Enzo 996 $6245$aLe deuxième Symposium international de théologie fondamentale :$bGazzada, 6-11 septembre 1969$9(OLS)http://semarc/title/277859 996 $6260$aTorino :$bSocietà Editrice Internazionale$9(OLS)http://semarc/publisher/29847